INSTERACTUR MANUAL TO ACCOMPANY BEHAVIOUR IN ORGANIZATIO AN EEXPERINTIAL APPEROCH (Record no. 30345)

MARC details
000 -LEADER
fixed length control field 00434nam a22001697a 4500
003 - CONTROL NUMBER IDENTIFIER
control field OSt
005 - DATE AND TIME OF LATEST TRANSACTION
control field 20220215104534.0
008 - FIXED-LENGTH DATA ELEMENTS--GENERAL INFORMATION
fixed length control field 220215b |||||||| |||| 00| 0 eng d
020 ## - INTERNATIONAL STANDARD BOOK NUMBER
International Standard Book Number 0256144958
040 ## - CATALOGING SOURCE
Transcribing agency HU
082 ## - DEWEY DECIMAL CLASSIFICATION NUMBER
Classification number 658
100 ## - MAIN ENTRY--PERSONAL NAME
Personal name SHANI
9 (RLIN) 30500
245 ## - TITLE STATEMENT
Title INSTERACTUR MANUAL TO ACCOMPANY BEHAVIOUR IN ORGANIZATIO AN EEXPERINTIAL APPEROCH
260 ## - PUBLICATION, DISTRIBUTION, ETC.
Place of publication, distribution, etc. LONDON
Name of publisher, distributor, etc. MADERID
Date of publication, distribution, etc. 1996
300 ## - PHYSICAL DESCRIPTION
Extent 331
942 ## - ADDED ENTRY ELEMENTS (KOHA)
Source of classification or shelving scheme Dewey Decimal Classification
Koha item type Books like text book referance book
Suppress in OPAC No
Holdings
Withdrawn status Lost status Source of classification or shelving scheme Damaged status Not for loan Home library Current library Shelving location Date acquired Total Checkouts Full call number Barcode Date last seen Copy number Price effective from Koha item type
    Dewey Decimal Classification     College of Business and Economics Library College of Business and Economics Library General Stacks 02/15/2022   568/SHA MBEIJB 00005286 02/15/2022 1 02/15/2022 Books like text book referance book